| 000 | 00567cam a22002291 4500 | ||
|---|---|---|---|
| 001 | sa 68005601 | ||
| 003 | DLC | ||
| 005 | 20260227112509.0 | ||
| 008 | 890823s1967 ii 000 0 hino | ||
| 010 | _asa 68005601 | ||
| 035 | _a(OCoLC)20240434 | ||
| 040 |
_aDLC _cWaU _dDLC |
||
| 042 | _apremarc | ||
| 043 | _aa-ii--- | ||
| 050 | 0 | 0 |
_aDS423 _b.D48 |
| 100 | 1 |
_aDinkar, Ramdhari Sinha, _d1908-1974. |
|
| 245 | 1 | 0 | _aHamārī sāṃskr̥tika ekatā. |
| 260 | _c[1967?] | ||
| 300 |
_a3, 125 p. _c22 cm. |
||
| 500 | _aIn Hindi. | ||
| 651 | 0 |
_aIndia _xCivilization. |
|
| 999 |
_c80801 _d80801 |
||